<?xml version="1.0" encoding="UTF-8"?>
<collection xmlns="http://www.loc.gov/MARC21/slim">
  <record>
    <leader>00000nam  2200000   4500</leader>
    <controlfield tag="001">INLIS000000000002932</controlfield>
    <controlfield tag="005">20180724151013</controlfield>
    <controlfield tag="008">180724|||||||||   |   |||   |||| ||   | </controlfield>
    <datafield tag="020" ind1=" " ind2=" ">
      <subfield code="a">9794560918</subfield>
    </datafield>
    <datafield tag="035" ind1=" " ind2=" ">
      <subfield code="0">010-0718002932</subfield>
    </datafield>
    <datafield tag="041" ind1=" " ind2=" ">
      <subfield code="a">id</subfield>
    </datafield>
    <datafield tag="082" ind1=" " ind2=" ">
      <subfield code="a">338.9</subfield>
    </datafield>
    <datafield tag="090" ind1=" " ind2=" ">
      <subfield code="a">338.9 Swa d</subfield>
    </datafield>
    <datafield tag="100" ind1=" " ind2=" ">
      <subfield code="a">Swasono, Sri-Edi</subfield>
    </datafield>
    <datafield tag="245" ind1=" " ind2=" ">
      <subfield code="a">Dari Daulat Tuanku ke Daulat Rakyat</subfield>
    </datafield>
    <datafield tag="250" ind1=" " ind2=" ">
      <subfield code="a">Ed. 2</subfield>
    </datafield>
    <datafield tag="260" ind1=" " ind2=" ">
      <subfield code="a">Jakarta</subfield>
      <subfield code="b">UI-Press</subfield>
      <subfield code="c">1992</subfield>
    </datafield>
    <datafield tag="300" ind1=" " ind2=" ">
      <subfield code="a">xxi; 283 hlm.; ilus; 18 cm.</subfield>
    </datafield>
    <datafield tag="500" ind1=" " ind2=" ">
      <subfield code="a">Buku ini merupakan kumpulan tulisan-tulisan yang bersifat populis dari Prof. Dr. Sri-Edi Swasono yang tersebar di berbagai media cetak, khususnya di harian-harian Pelita dan Suara Pembaruan yang dimaksudkan untuk menyongsong peringatan ulang tahun Bung Hatta yang ke-90 tahun. Tulisan-tulisanya banyak membahas persoalan ekonomi, demokrasi, politik hingga budaya, serta memperjelas kritik terhadap sikap kaum ekonom dan birokrat yang tidak melihat dimensi budaya dalam pembangunan nasional kita.</subfield>
    </datafield>
    <datafield tag="650" ind1=" " ind2=" ">
      <subfield code="a">Ekonomi</subfield>
    </datafield>
  </record>
</collection>
